| 000 | 00811nam a22003017a 4500 | ||
|---|---|---|---|
| 001 | 000513 | ||
| 003 | DO-SdBNP | ||
| 005 | 20240705092602.0 | ||
| 007 | 000513 | ||
| 008 | 160902b2005 cl 00| 0 spa d | ||
| 020 | _a0789912902 | ||
| 040 |
_aBPMSU _bspa _cBPMSU |
||
| 082 | 4 |
_a306.85 _bS446f 2005 _222 |
|
| 245 | 0 | 0 |
_aSecretos para la familia / _bGuillermo D. Taylor...[y otros] _c |
| 260 |
_aColombia : _bExpolit, _c2005 _b |
||
| 300 |
_a272 p. : _bil. ; _c24 cm. |
||
| 500 | _a | ||
| 500 | _a | ||
| 500 | _a | ||
| 504 | _a | ||
| 590 | _aInventariado, 2024/VM | ||
| 650 | 4 | _aEducación para la vida familiar | |
| 650 | 4 | _aConducta (Ética) | |
| 650 | 4 | _aEducación en el hogar | |
| 700 | 1 |
_aRaylor, Guillermo D. _eautor |
|
| 910 | _aVMateo V. Control de calidad, BPMSU | ||
| 942 |
_2ddc _cBK |
||
| 999 |
_c14718 _d14718 |
||